83 Babynamen der Woche 01/26 - Statistiken

Allgemein
  • Dieses Quiz wurde 11 mal gespielt
  • Das Durchschnittsergebnis liegt bei 26 aus 83
Antwortstatistiken
📍 Vorname % Korrekt
B.n ♂️ Ben
90%
B.u.o ♂️ Bruno
80%
E.i.s ♂️ Elias
80%
Ja.k ♂️ Jack
80%
J.k.b ♂️ Jakob
80%
J.h..n ♂️ Johann
80%
A.n.l.e ♀️ Annelie
70%
Ev.e ♀️ Evee
70%
F.b.e..e ♀️ Fabienne
70%
H.n..h ♀️ Hannah
70%
J.n.t..n ♂️ Jonathan
70%
Li.m ♂️ Liam
70%
No.l ♂️ Noel
70%
E.i.h ♀️ Edith
60%
J.d.n ♂️ Jaden
60%
M.r.e ♀️ Marée
60%
M.r.e ♀️ Marie
60%
M.t..l.a ♀️ Mathilda
60%
N.o ♂️ Neo
60%
T.m ♂️ Tom
60%
Y.s.n ♂️ Yasin
60%
Ad.l..a ♀️ Adelina
50%
E.i.a ♀️ Elina
50%
J.s.p..n ♀️ Josephin
50%
Li.y ♀️ Lily
50%
Ne.e ♀️ Nele
50%
A.b..t.s ♂️ Albertus
40%
Al.j..d.o ♂️ Alejandro
40%
A.l.n ♀️ Aylen
40%
D.a ♀️ Dua
40%
Gi.s.p.e ♂️ Giuseppe
40%
Li.a ♀️ Lina
40%
Lu.s ♂️ Luis
40%
Ph.b.e ♀️ Phibie
40%
E.a.a ♀️ Elana
30%
E.e.i ♀️ Eleni
30%
Ew.l..a ♀️ Ewelina
30%
F.i.d.i.h ♂️ Friedrich
30%
Is.i.h ♂️ Isaiah
30%
J.s.e ♂️ Jesse
30%
L.c..n ♂️ Lucien
30%
Al.y ♂️ Aloy
20%
I.o.a ♀️ Iwona
20%
L.n.o ♂️ Lenno
20%
Le.n.r.o ♂️ Leonardo
20%
L.n.e ♂️ Lönne
20%
L.i.a ♀️ Luisa
20%
M.t.i.u ♂️ Mathieu
20%
M.r.l ♂️ Meral
20%
N.l.o ♂️ Nelio
20%
T.l.n ♂️ Talin
20%
F.l.a ♀️ Felia
10%
Fj.r ♂️ Fjor
10%
F.a..y ♂️ Franky
10%
F.e.a ♀️ Freda
10%
H.l.a ♀️ Hilda
10%
Im.e ♀️ Imke
10%
I.d.a ♀️ Indra
10%
J.n.e ♂️ Jönne
10%
L.n..n ♂️ Lennon
10%
Le.i ♀️ Levi
10%
L.n.a ♀️ Linda
10%
L.c.l.e ♀️ Lucille
10%
M.t.e ♀️ Mette
10%
Y.o ♂️ Yvo
10%
Ba.i ♂️ Bani
0%
B.r.a ♀️ Berra
0%
Ev.e ♀️ Evke
0%
G.a.e ♀️ Grace
0%
J.r.e ♂️ Jarle
0%
Jo.a ♀️ Jova
0%
La.r.n.e ♂️ Laurence
0%
Lo.a ♀️ Lola
0%
Ma.d.l..a ♀️ Magdalene
0%
M.l..a ♀️ Malika
0%
Ma.l..e ♀️ Mayline
0%
N.f..i ♀️ Nefeli
0%
N.r.n ♂️ Niran
0%
Ri.n ♂️ Rion
0%
S.l.e.a ♀️ Saliena
0%
S.n.e ♀️ Sünje
0%
T.a.o ♂️ Tiano
0%
Y.s.a ♀️ Yasra
0%
Keine übereinstimmenden Quizze gefunden
Verteilung der Resultate
Anzahl Personen mit jedem Resultat
Perzentil nach korrekt beantworteten Fragen
Ihre Resultats-Entwicklung
Sie haben dieses Quiz noch nicht gespielt